| 000 | 00895nam a2200229Ia 4500 | ||
|---|---|---|---|
| 003 | OSt | ||
| 005 | 20250425160339.0 | ||
| 008 | 191128s2018 ck a er 000 f spa d | ||
| 020 | _a9789583202520 | ||
| 040 |
_aCO-JMCR _cCO-JMCR |
||
| 041 | _aspa | ||
| 082 | 0 | 4 |
_aA-N _bROJh |
| 100 | 1 |
_aRojas Arrollo, Santiago, _eautor _98064 |
|
| 245 | 1 | 0 |
_aHombre insaciable / _cSantiago Rojas Arrollo |
| 250 | _aPrimera edición | ||
| 260 |
_aBogotá : _bOceano, _c2018 |
||
| 300 |
_a210 páginas ; _c23 cm. |
||
| 500 | _aIncluye datos biográficos del autor en solapa | ||
| 520 | _a"Hay desiciones de la vida que no tienen vuelta atrás" En esta novlea multifacética, Santiago Rojas Arrollo nos muestra una serie de personajes atribulados por la rutina, la familia, la religión, el deseo y las expectativas de los demás, tratando de encon | ||
| 650 | 1 | 4 |
_aNovela Colombiana _98065 |
| 942 |
_2ddc _cBK |
||
| 999 |
_c3751 _d3751 |
||